| 000 | 00893nam a22002297a 4500 | ||
|---|---|---|---|
| 999 |
_c64639 _d64639 |
||
| 005 | 20240530110742.0 | ||
| 008 | 180926s2017 ua a g 000 0 ara d | ||
| 017 |
_a2016/10057 _bمصر. دار الكتب |
||
| 020 | _a9789777354783 | ||
| 040 |
_aEG-CaGPL _cEG-CaGPL |
||
| 082 | 0 | 4 |
_221 _a302.545/ _bع أ |
| 100 | 0 | _aعزة محمد محمود الطنبولى | |
| 245 | 1 | 2 |
_aالاستبعاد الاجتماعى : _bمجهولى النسب نموذجا / _cعزة محمد محمود الطنبولى |
| 250 | _aط. 1 | ||
| 260 |
_aالاسكندرية : _bدار الوفاء لدنيا الطباعة و النشر ، _c2017. |
||
| 300 |
_a351 ص. : _bايض. ؛ _c24 سم. |
||
| 650 | 0 | 7 |
_2qrmak _aالاستبعاد الاجتماعى |
| 650 | 0 | 7 |
_2qrmak _aالانتخاب الاجتماعى |
| 651 | _2qrmak | ||
| 942 |
_2ddc _cBK |
||